Word Ladder: A Parent's Question Quiz Stats

 Plays Quiz Updated Jan 20, 2017

Support Sporcle.
Go Orange.
Score 0/27 Timer 03:00
1 Play Today
Hint 3-Letter Word % Correct
Upper body limbARM
97.3%
● Kids' book: 'Where the Wild Things ___' ●● ARE ●
97.1%
Point towards a targetAIM
95.5%
Opposite over hypotenuseSIN
94.9%
&AND
94.3%
Boy childSON
94.2%
It comes before -cede and -viewPRE
94%
Hard-working insectANT
93.9%
To open with a crowbarPRY
92.9%
● Who, what, how companion ●● WHY ●
92.9%
It comes before -sense and -chalantNON
92.9%
● Furniture for slumbering ●● BED ●
91.8%
Electrically charged atomION
91.7%
Help, assistanceAID
91.4%
Hint 3-Letter Word % Correct
Raised hand at an auctionBID
91%
● Lodge ●● INN ●
90.1%
WagerBET
90%
● Second person pronoun ●● YOU ●
89.1%
Place to park carsLOT
88.7%
● Negating word ●● NOT ●
88.2%
Drily humorousWRY
87.4%
Reed or Bega, e.g.LOU
86.8%
Elton John or Ian McKellen, e. g.SIR
85%
Landers or Taylor, e.g.ANN
84.7%
Hither and ___YON
84.7%
A classical elementAIR
83.8%
● Up to now: as of ___● YET ●
78.1%

Today's Daily Dose

Word Ladder
New Dimensions!

Quick Pick
'Animal' Fish

Get the Picture
Bird or Food?

You're not logged in!

Compare scores with friends on all Sporcle quizzes.
OR
Log In
Forgot?

From the Vault

2-Word '00s Movies

by heatherksalem

These movie titles are short, sweet, and straight to the point. The plots are another story.
Remove Ads.
Support Sporcle.
Get the best of Sporcle when you Go Orange. This ad-free experience offers more features, more stats, and more fun while also helping to support Sporcle. Thank you for becoming a member.

Show Comments

Extras

Top Quizzes Today


Score Distribution

Your Account Isn't Verified!

In order to create a playlist on Sporcle, you need to verify the email address you used during registration. Go to your Sporcle Settings to finish the process.

Report this User

Report this user for behavior that violates our Community Guidelines.

Details: